00619 2200193 4500001002100000005001500021035002000036007000300056008004100059020002200100082000800122084001400130100002100144245013500165250002600300260004300326300004300369650001300412INLIS00000000000141320250618092000 a0010-0625000162ta250618 g 0 ind  a978-923-7495-98-7 a920 a920 EDY k0 aEdyar Kristyanto1 aKapitan Pattimura :bPahlawan yang Gigih Memperjuangkan Kemerdekaan /cEdyar Kristyanto (Penulis); Dhaniar Wahyu Sharfina (Editor) aCetakan Pertama, 2022 aDepok :bDuta Pustaka Indonesia,c2022 a64 Halaman :bIlustrasi; teks ;c21 cm 4aBiografi